Systém podpora lokálnych a regionálnych produktov ako faktor rozvoja malého a stredného podnikania - podmienky a požiadavky

Príspevok hľadá rozhodujúce rozhodovacie kritériá pri vytváraní systému podpory regionálnych a lokálnych produktov. Analyzuje možnosti zamerania systému, vymedzenia jeho pôsobenia, produktov, ktoré budú podporované, spôsobu posudzovania zhody a voľby komunikácie.

Gespeichert in:
Bibliographische Detailangaben
1. Verfasser: Strhan, Rastislav, 1968-
Format: Buchkapitel
Sprache:Slowakisch
Schlagworte:
Tags: Tag hinzufügen
Keine Tags, Fügen Sie das erste Tag hinzu!

MARC

LEADER 00000nla$a2200000$$$4500
001 0092499
005 20240502083235.2
041 0 |a slo 
044 |a CZ 
245 1 0 |a Systém podpora lokálnych a regionálnych produktov ako faktor rozvoja malého a stredného podnikania - podmienky a požiadavky  |c Rastislav Strhan 
520 |a Príspevok hľadá rozhodujúce rozhodovacie kritériá pri vytváraní systému podpory regionálnych a lokálnych produktov. Analyzuje možnosti zamerania systému, vymedzenia jeho pôsobenia, produktov, ktoré budú podporované, spôsobu posudzovania zhody a voľby komunikácie. 
610 2 0 |a globalizácia 
610 2 0 |a výrobky 
610 2 0 |a lokalizácia 
610 2 0 |a regióny 
610 2 0 |a produkty 
610 2 0 |a kvalita 
610 2 0 |a požiadavky na výrobky 
610 2 0 |a posudzovanie zhody výrobkov 
610 2 0 |a podnikanie malé 
610 2 0 |a podnikanie stredné 
100 1 |a Strhan, Rastislav, 1968-